[Event "Thüringenliga 2016/2017"]
[Site "?"]
[Date "2017.01.08"]
[Round "4"]
[White "Schorch, Rüdiger"]
[Black "Brüggemann, Joachim"]
[Result "0-1"]
[WhiteElo "1926"]
[BlackElo "2198"]
[PlyCount "112"]
[EventDate "2017.??.??"]
[WhiteTeam "SV Ammern"]
[BlackTeam "Erfurter Schachklub"]

1. c4 e5 2. Nc3 Nf6 3. Nf3 Nc6 4. g3 d5 5. cxd5 Nxd5 6. Bg2 Nb6 7. O-O Be7 8.
a3 O-O 9. b4 a6 10. d3 Re8 11. Be3 Bf8 12. Ng5 Nd4 13. f4 h6 14. Nge4 c6 15.
fxe5 Rxe5 16. Bf4 Re8 17. e3 Nb5 18. Nxb5 axb5 19. g4 Nd5 20. Qf3 Nxf4 21. Qxf4
f6 22. d4 Be6 23. h4 Bd5 24. g5 fxg5 25. hxg5 Qe7 26. Nc3 Bxg2 27. Kxg2 hxg5
28. Qf5 Qe6 29. Qf3 g4 30. Qf2 Bd6 31. e4 Rf8 32. Qh4 Rf3 33. Rxf3 gxf3+ 34.
Kxf3 Rf8+ 35. Ke2 Qb3 36. Rh1 Qc2+ 37. Ke1 Qxc3+ 38. Kd1 Qd3+ 39. Kc1 Bf4+ 40.
Kb2 Qxd4+ 41. Kc2 Qd2+ 42. Kb3 Qd3+ 43. Kb2 Qd4+ 44. Kb3 Qc4+ 45. Kb2 Be5+ 46.
Kb1 Qb3+ 47. Kc1 Qxa3+ 48. Kd1 Qd3+ 49. Kc1 Bf4+ 50. Kb2 Qd4+ 51. Kb3 Qc4+ 52.
Kb2 Qd4+ 53. Kb3 Bh6 54. Qg4 Qc4+ 55. Kb2 Rf2+ 56. Ka1 Qa2# 0-1

[Event "Thüringenliga 2016/2017"]
[Site "?"]
[Date "2017.01.08"]
[Round "4"]
[White "Krüger, Rainer"]
[Black "Thon, Philipp"]
[Result "1/2-1/2"]
[WhiteElo "2071"]
[BlackElo "1783"]
[PlyCount "40"]
[EventDate "2017.??.??"]
[WhiteTeam "Erfurter Schachklub"]
[BlackTeam "SV Ammern"]

1. d4 Nf6 2. Nf3 d5 3. c4 e6 4. g3 dxc4 5. Qa4+ Bd7 6. Qxc4 Bd6 7. Bg2 Bc6 8.
Nc3 O-O 9. O-O a6 10. a3 Nbd7 11. Rd1 Qe7 12. b4 Rab8 13. Bb2 b5 14. Qd3 Nb6
15. e4 Nc4 16. Bc1 e5 17. d5 Bd7 18. Nd2 Nxd2 19. Bxd2 Ne8 20. Re1 f6 1/2-1/2

[Event "Thüringenliga 2016/2017"]
[Site "?"]
[Date "2017.01.08"]
[Round "4"]
[White "Kampfhenkel, Ulrich"]
[Black "Rüther, Rudolf"]
[Result "0-1"]
[WhiteElo "1900"]
[BlackElo "2033"]
[PlyCount "126"]
[EventDate "2017.??.??"]
[WhiteTeam "SV Ammern"]
[BlackTeam "Erfurter Schachklub"]

1. e4 e6 2. d4 d5 3. Nc3 Bb4 4. Nge2 dxe4 5. a3 Be7 6. Nxe4 Nd7 7. Qd3 Ngf6 8.
N2c3 O-O 9. Nxf6+ Nxf6 10. Bf4 b6 11. Be2 Bb7 12. O-O c5 13. dxc5 Qxd3 14. Bxd3
Bxc5 15. Rad1 Rfd8 16. b4 Be7 17. Na4 Bc6 18. Nc3 a6 19. Bc7 Rdc8 20. Bxb6 Bxg2
21. Kxg2 Rxc3 22. Bd4 Rxa3 23. Ra1 Bxb4 24. Rxa3 Bxa3 25. Ra1 Be7 26. Rxa6 Rxa6
27. Bxa6 Nd7 28. Bb5 Nc5 29. f4 Kf8 30. Kf3 Bd6 31. Bc4 Nb7 32. Ba6 Nc5 33. Bc4
g6 34. Bb5 Ke7 35. Bxc5 Bxc5 36. Bd3 f5 37. Bc4 Kf6 38. h3 h6 39. Bb3 g5 40.
fxg5+ hxg5 41. Ba4 Ke5 42. Bd7 Bb4 43. Bc8 Bc3 44. Bd7 Kf6 45. Bc8 e5 46. Bd7
e4+ 47. Ke2 Ke5 48. Bc8 f4 49. Bg4 Bd4 50. c4 Bc5 51. Bh5 Kd4 52. Bg4 Kxc4 53.
Bh5 Kd4 54. Bg4 Ke5 55. Bh5 f3+ 56. Bxf3 exf3+ 57. Kxf3 Kf5 58. Kg3 Bd6+ 59.
Kf3 Bf4 60. Kg2 Kg6 61. Kf3 Kh5 62. Kf2 Kh4 63. Kg2 Bc7 0-1

[Event "Thüringenliga 2016/2017"]
[Site "?"]
[Date "2017.01.08"]
[Round "4"]
[White "Duzy, Stefan"]
[Black "Kurze, Christoph"]
[Result "1/2-1/2"]
[WhiteElo "1923"]
[BlackElo "1845"]
[PlyCount "29"]
[EventDate "2017.??.??"]
[WhiteTeam "Erfurter Schachklub"]
[BlackTeam "SV Ammern"]

1. g3 e5 2. Bg2 Bc5 3. d3 c6 4. Nf3 d6 5. O-O Ne7 6. d4 exd4 7. Nxd4 d5 8. Nb3
Bb6 9. e4 O-O 10. Nc3 Be6 11. exd5 Nxd5 12. Nxd5 cxd5 13. Nd4 Nc6 14. Be3 Rc8
15. c3 1/2-1/2

[Event "Thüringenliga 2016/2017"]
[Site "?"]
[Date "2017.01.08"]
[Round "4"]
[White "Breuer, Harald"]
[Black "Troyke, Doreen"]
[Result "1/2-1/2"]
[WhiteElo "1818"]
[BlackElo "2017"]
[PlyCount "75"]
[EventDate "2017.??.??"]
[WhiteTeam "SV Ammern"]
[BlackTeam "Erfurter Schachklub"]

1. e4 c5 2. c3 d5 3. exd5 Qxd5 4. d4 Nc6 5. Nf3 Bg4 6. Be2 cxd4 7. cxd4 Nf6 8.
Nc3 Qa5 9. O-O e6 10. Be3 Be7 11. Qb3 Qb4 12. Qxb4 Bxb4 13. Rac1 O-O 14. h3 Bh5
15. Rfd1 Rfd8 16. Ne5 Bxc3 17. Bxh5 Nxe5 18. bxc3 Nc4 19. Be2 Rac8 20. Bg5 b6
21. Kf1 Rd5 22. Bxf6 gxf6 23. Bxc4 Rxc4 24. Ke2 Ra5 25. Rc2 Ra3 26. Rd3 b5 27.
d5 exd5 28. Rxd5 Raxc3 29. Rxc3 Rxc3 30. Rxb5 Rc2+ 31. Ke3 Rxa2 32. h4 Kg7 33.
g4 a5 34. f3 a4 35. Kf4 a3 36. Ra5 Ra1 37. h5 Ra2 38. Ra6 1/2-1/2

[Event "Thüringenliga 2016/2017"]
[Site "?"]
[Date "2017.01.08"]
[Round "4"]
[White "Fischer, Dieter"]
[Black "Salaske, Peter"]
[Result "1/2-1/2"]
[WhiteElo "1901"]
[BlackElo "1774"]
[PlyCount "36"]
[EventDate "2017.??.??"]
[WhiteTeam "Erfurter Schachklub"]
[BlackTeam "SV Ammern"]

1. e4 e5 2. Nf3 d6 3. d4 Nd7 4. Nc3 c6 5. Be2 Ngf6 6. Bg5 Be7 7. O-O h6 8. dxe5
dxe5 9. Bh4 Qc7 10. h3 Nf8 11. Nh2 Ng6 12. Bxf6 Bxf6 13. Bg4 O-O 14. g3 Bxg4
15. Nxg4 Be7 16. a3 a5 17. Ne3 Bc5 18. Nf5 Ne7 1/2-1/2

[Event "Thüringenliga 2016/2017"]
[Site "?"]
[Date "2017.01.08"]
[Round "4"]
[White "Hentrich, Jörg"]
[Black "Kosev, Momchil"]
[Result "1/2-1/2"]
[WhiteElo "1749"]
[BlackElo "1706"]
[PlyCount "74"]
[EventDate "2017.??.??"]
[WhiteTeam "SV Ammern"]
[BlackTeam "Erfurter Schachklub"]

1. e4 c5 2. d4 cxd4 3. c3 dxc3 4. Nxc3 a6 5. Nf3 e6 6. Bc4 Nc6 7. O-O Nge7 8.
Bg5 f6 9. Bh4 Ng6 10. Bg3 Be7 11. Qe2 O-O 12. Rfd1 Qa5 13. Nd4 Nxd4 14. Rxd4
Ne5 15. Bb3 Kh8 16. Kh1 b5 17. f4 Nc6 18. Rd3 Bc5 19. Rad1 f5 20. Be1 Qc7 21.
e5 Na5 22. Qh5 Nxb3 23. Rh3 h6 24. Bh4 d5 25. Bf6 Kh7 26. Rg3 Qf7 27. Rxg7+
Qxg7 28. Bxg7 Kxg7 29. Rd3 Bf2 30. Nd1 Nc5 31. Rh3 Ne4 32. Qxh6+ Kf7 33. Qh7+
Ke8 34. Qg6+ Kd8 35. Qg7 Re8 36. Rh7 Ra7 37. Qh6 Rxh7 1/2-1/2

[Event "Thüringenliga 2016/2017"]
[Site "?"]
[Date "2017.01.08"]
[Round "4"]
[White "Schneider, Christian"]
[Black "Sack, Matthias"]
[Result "1-0"]
[WhiteElo "2190"]
[BlackElo "1952"]
[PlyCount "49"]
[EventDate "2017.??.??"]
[WhiteTeam "SG Blau-Weiß Stadtilm"]
[BlackTeam "SV Hermsdorf"]

1. e4 c5 2. Nf3 Nc6 3. d4 cxd4 4. Nxd4 d5 5. Nxc6 bxc6 6. Be2 dxe4 7. Qxd8+
Kxd8 8. Nc3 e5 9. Nxe4 f5 10. Ng5 Nh6 11. Bd2 Bd6 12. O-O-O Ke7 13. Bc3 f4 14.
Rhe1 Bg4 15. Bxg4 Nxg4 16. h3 Nxf2 17. Rd2 h6 18. Nf3 Nxh3 19. gxh3 Rhg8 20.
Nxe5 Bxe5 21. Bxe5 g5 22. Bxf4+ Kf7 23. Bg3 Rad8 24. Rxd8 Rxd8 25. Re3 1-0

[Event "Thüringenliga 2016/2017"]
[Site "?"]
[Date "2017.01.08"]
[Round "4"]
[White "Schulz, Phillip"]
[Black "George, Tom"]
[Result "0-1"]
[WhiteElo "1957"]
[BlackElo "2178"]
[PlyCount "66"]
[EventDate "2017.??.??"]
[WhiteTeam "SV Hermsdorf"]
[BlackTeam "SG Blau-Weiß Stadtilm"]

1. d4 Nf6 2. c4 e6 3. Nc3 Bb4 4. a3 Bxc3+ 5. bxc3 c5 6. f3 Nc6 7. e4 d6 8. Be3
Qa5 9. Qd2 b6 10. a4 Ba6 11. Bd3 cxd4 12. cxd4 Qxd2+ 13. Kxd2 Na5 14. c5 Nb3+
15. Kc3 Bxd3 16. Kxb3 bxc5 17. dxc5 d5 18. Kc3 dxe4 19. fxe4 Bxe4 20. Nf3 Bxf3
21. gxf3 Nd5+ 22. Kd4 Kd7 23. Rhg1 Ne7 24. Kc4 Nf5 25. Bf4 Kc6 26. Rad1 Rhd8
27. Kb4 f6 28. Rge1 e5 29. Bc1 Rd4+ 30. Rxd4 Nxd4 31. Rf1 Rb8+ 32. Kc4 Rb1 33.
Kc3 Rxc1+ 0-1

[Event "Thüringenliga 2016/2017"]
[Site "?"]
[Date "2017.01.08"]
[Round "4"]
[White "Siebarth, Raiko"]
[Black "Hadlich, Gerald"]
[Result "1/2-1/2"]
[WhiteElo "2240"]
[BlackElo "1794"]
[PlyCount "91"]
[EventDate "2017.??.??"]
[WhiteTeam "SG Blau-Weiß Stadtilm"]
[BlackTeam "SV Hermsdorf"]

1. Nf3 d5 2. d4 c6 3. g3 Nf6 4. Bg2 Bg4 5. Ne5 Bf5 6. O-O e6 7. c4 Be7 8. Nd2
Nbd7 9. Ndf3 h6 10. c5 Nxe5 11. Nxe5 Nd7 12. Bf4 Nxe5 13. Bxe5 O-O 14. Rc1 Bf6
15. Bd6 Be7 16. Bf4 Bg5 17. Bd2 Bxd2 18. Qxd2 Qg5 19. Qc3 Qh5 20. f3 Bh3 21. g4
Qh4 22. Bxh3 Qxh3 23. Kh1 f5 24. Rg1 Qh4 25. Qe3 Rae8 26. g5 f4 27. Qb3 Re7 28.
gxh6 Qxh6 29. Qd3 Rf5 30. Rg2 Rh5 31. Qa3 g5 32. Rf1 Rh7 33. Rff2 a6 34. Qa5
Qf6 35. Qd2 Kf7 36. e3 fxe3 37. Qxe3 Qf5 38. Rg1 Qf4 39. Qxf4+ gxf4 40. Rg4 Rh4
41. Rfg2 Kf6 42. Rg6+ Kf7 43. R6g4 Kf6 44. Rg6+ Kf7 45. R6g4 Kf6 46. Rg6+
1/2-1/2

[Event "Thüringenliga 2016/2017"]
[Site "?"]
[Date "2017.01.08"]
[Round "4"]
[White "Baulig, Manuel"]
[Black "Siebarth, Marco"]
[Result "1/2-1/2"]
[WhiteElo "1761"]
[BlackElo "1984"]
[PlyCount "59"]
[EventDate "2017.??.??"]
[WhiteTeam "SV Hermsdorf"]
[BlackTeam "SG Blau-Weiß Stadtilm"]

1. d4 Nf6 2. c4 e6 3. Nc3 Bb4 4. Nf3 O-O 5. e3 b6 6. Be2 Bb7 7. O-O c5 8. a3
Bxc3 9. bxc3 d6 10. Nd2 Nc6 11. Nb3 Ne4 12. Qc2 f5 13. Rb1 Ne7 14. f3 Nf6 15.
dxc5 dxc5 16. Nxc5 Bc8 17. Nb3 Qc7 18. a4 Rd8 19. Ba3 Nc6 20. Rfd1 Ba6 21. Nd4
Nxd4 22. cxd4 Rac8 23. c5 Bxe2 24. Qxe2 Nd5 25. Rdc1 Qd7 26. Rc4 Rc6 27. Rbc1
Rdc8 28. e4 fxe4 29. fxe4 Nf6 30. Qd3 1/2-1/2

[Event "Thüringenliga 2016/2017"]
[Site "?"]
[Date "2017.01.08"]
[Round "4"]
[White "Berner, Stephan"]
[Black "Sperhake, Franz"]
[Result "1-0"]
[WhiteElo "1886"]
[BlackElo "1819"]
[PlyCount "49"]
[EventDate "2017.??.??"]
[WhiteTeam "SG Blau-Weiß Stadtilm"]
[BlackTeam "SV Hermsdorf"]

1. e4 c5 2. Nc3 Nc6 3. Bb5 d6 4. f4 e6 5. Bxc6+ bxc6 6. Nf3 Ne7 7. d3 Ba6 8.
O-O Qb6 9. Na4 Qb4 10. c4 g6 11. Bd2 Qb7 12. Bc3 Rg8 13. Ng5 Bg7 14. Nxh7 O-O-O
15. Ba5 Rde8 16. Ng5 Bd4+ 17. Kh1 Ref8 18. Rb1 d5 19. Qe2 dxc4 20. dxc4 Bxc4
21. Qxc4 Qb5 22. Qxb5 cxb5 23. Nxc5 Nc6 24. Nb3 Be3 25. Bd2 1-0

[Event "Thüringenliga 2016/2017"]
[Site "?"]
[Date "2017.01.08"]
[Round "4"]
[White "Pietzsch, Gerhard"]
[Black "Dittrich, Tom"]
[Result "0-1"]
[WhiteElo "1832"]
[BlackElo "1814"]
[PlyCount "74"]
[EventDate "2017.??.??"]
[WhiteTeam "SV Hermsdorf"]
[BlackTeam "SG Blau-Weiß Stadtilm"]

1. e4 c5 2. Nf3 d6 3. d4 cxd4 4. Nxd4 Nf6 5. Nc3 a6 6. a4 e5 7. Nb3 Be7 8. Be2
Be6 9. O-O O-O 10. Be3 Nbd7 11. a5 Rc8 12. f3 Rc6 13. Nd5 Bxd5 14. exd5 Rc8 15.
Qd2 Nh5 16. g3 g6 17. f4 exf4 18. gxf4 Ndf6 19. Qd3 Ng7 20. c4 Qd7 21. Bf2 Qf5
22. Qxf5 Nxf5 23. Nd4 Ne4 24. Nxf5 gxf5 25. Bd4 Bf6 26. Bxf6 Nxf6 27. Bd3 Ne4
28. Rfe1 Rfe8 29. b3 Kg7 30. Ra2 Kf6 31. Rg2 Nc5 32. Rxe8 Rxe8 33. Bc2 Re3 34.
Rg3 Re2 35. Rg2 Re3 36. Rg3 Re1+ 37. Kf2 Rc1 0-1

[Event "Thüringenliga 2016/2017"]
[Site "?"]
[Date "2017.01.08"]
[Round "4"]
[White "Schröter, Maik"]
[Black "Hädrich, Dirk"]
[Result "1/2-1/2"]
[WhiteElo "1779"]
[BlackElo "1770"]
[PlyCount "77"]
[EventDate "2017.??.??"]
[WhiteTeam "SG Blau-Weiß Stadtilm"]
[BlackTeam "SV Hermsdorf"]

1. e4 e6 2. d4 d5 3. Nc3 Nf6 4. Bd3 c5 5. exd5 exd5 6. dxc5 Bxc5 7. Qe2+ Be6 8.
Bg5 Be7 9. Nf3 Nc6 10. O-O O-O 11. h3 a6 12. Rad1 Qc7 13. Rfe1 Rad8 14. Bh4 h6
15. Qd2 Nh5 16. Bxe7 Qxe7 17. Bf5 Qd6 18. Bxe6 fxe6 19. Nd4 Rde8 20. Nxc6 bxc6
21. Qe2 Nf4 22. Qg4 e5 23. Ne2 Qc5 24. Nxf4 Rxf4 25. Qxf4 exf4 26. Rxe8+ Kf7
27. Re2 Qb5 28. Red2 Qc4 29. b3 Qc3 30. Kh2 g5 31. Re2 f3 32. Re3 Qxc2 33.
Rxf3+ Kg7 34. Re1 Qc5 35. Re6 d4 36. Rff6 Qc2 37. Rxc6 Qe4 38. Rce6 Qc2 39. Rc6
1/2-1/2

[Event "Thüringenliga 2016/2017"]
[Site "?"]
[Date "2017.01.08"]
[Round "4"]
[White "Moje, Hans-Jürgen"]
[Black "Mann, Jonas"]
[Result "0-1"]
[WhiteElo "1746"]
[BlackElo "1812"]
[PlyCount "84"]
[EventDate "2017.??.??"]
[WhiteTeam "SV Hermsdorf"]
[BlackTeam "SG Blau-Weiß Stadtilm"]

1. e4 c5 2. d4 cxd4 3. c3 Nf6 4. e5 Nd5 5. cxd4 e6 6. Nf3 d6 7. Bc4 Nc6 8. O-O
Be7 9. Nc3 Nb6 10. Bb3 O-O 11. Be3 Bd7 12. a3 Na5 13. Bc2 Nac4 14. Bc1 dxe5 15.
Nxe5 Nxe5 16. dxe5 Qc7 17. Re1 Rfd8 18. Re3 g6 19. Qe2 Bc6 20. Rh3 Nd5 21. Rxh7
Nxc3 22. bxc3 Kxh7 23. Qh5+ Kg7 24. Qh6+ Kg8 25. Bf4 Bf8 26. Qh4 Rd5 27. Re1
Ra5 28. h3 Ba4 29. Bb1 Bg7 30. Qg5 Rd8 31. h4 Rd1 32. Rxd1 Bxd1 33. h5 Bxh5 34.
g4 Bxg4 35. Qxg4 Qxc3 36. Bxg6 fxg6 37. Qxe6+ Kh7 38. Qg4 Qe1+ 39. Kg2 Qe4+ 40.
f3 Qf5 41. Qh4+ Qh5 42. Qe7 Rb5 0-1

[Event "Thüringenliga 2016/2017"]
[Site "?"]
[Date "2017.01.08"]
[Round "4"]
[White "Recknagel, Michael"]
[Black "Middelhoff, Cornelius"]
[Result "1-0"]
[WhiteElo "2180"]
[BlackElo "2093"]
[PlyCount "69"]
[EventDate "2017.??.??"]
[WhiteTeam "SC Suhl"]
[BlackTeam "TSG Apolda"]

1. e4 c5 2. Nf3 d6 3. Bb5+ Nd7 4. d4 cxd4 5. Qxd4 Ngf6 6. O-O g6 7. Rd1 a6 8.
Bxd7+ Bxd7 9. c4 Bg7 10. Nc3 O-O 11. Qd3 Rc8 12. Bg5 Be6 13. Nd5 Nxd5 14. exd5
Bg4 15. Re1 Re8 16. Nd4 Qb6 17. Be3 Qb4 18. Rec1 Bd7 19. a3 Qa5 20. b4 Qc7 21.
Rab1 e5 22. dxe6 fxe6 23. Ne2 b5 24. c5 d5 25. f4 Rf8 26. Bd4 Bh6 27. Be5 Qd8
28. Rf1 Qe8 29. Nd4 Qe7 30. Rbc1 Qe8 31. Qh3 Bg7 32. Bxg7 Kxg7 33. c6 Rxc6 34.
Rxc6 Bxc6 35. Nxe6+ 1-0

[Event "Thüringenliga 2016/2017"]
[Site "?"]
[Date "2017.01.08"]
[Round "4"]
[White "Rohmeiß, Roberto"]
[Black "Feld-Gerdes, Wolfgang"]
[Result "1/2-1/2"]
[WhiteElo "1995"]
[BlackElo "2034"]
[PlyCount "84"]
[EventDate "2017.??.??"]
[WhiteTeam "TSG Apolda"]
[BlackTeam "SC Suhl"]

1. d4 d5 2. Nf3 Nf6 3. e3 e6 4. Bd3 c5 5. b3 Nc6 6. O-O Bd6 7. Bb2 O-O 8. Ne5
Ne7 9. Nd2 b6 10. Qf3 Bb7 11. Qh3 Ng6 12. f4 Ne4 13. Ndf3 Nxe5 14. dxe5 Be7 15.
Rad1 Qc8 16. Nd2 g6 17. Bxe4 dxe4 18. Rfe1 b5 19. c4 a6 20. Qg4 Rd8 21. Nf1 Rd3
22. Ng3 Qd7 23. Nh5 Rd8 24. Rxd3 exd3 25. Nf6+ Bxf6 26. exf6 b4 27. Rd1 Qc6 28.
Rd2 h6 29. h4 Qe4 30. Qg3 Qf5 31. Be5 Be4 32. Kh2 Ra8 33. Kg1 a5 34. Kh2 a4 35.
Kg1 axb3 36. axb3 Ra3 37. Rb2 Ra1+ 38. Kh2 Rc1 39. Rd2 Rc2 40. Rxc2 dxc2 41.
Bb2 Qh5 42. f5 exf5 1/2-1/2

[Event "Thüringenliga 2016/2017"]
[Site "?"]
[Date "2017.01.08"]
[Round "4"]
[White "Silberschlag, Jörg"]
[Black "Goemann, Jens"]
[Result "1/2-1/2"]
[WhiteElo "2060"]
[BlackElo "2057"]
[PlyCount "26"]
[EventDate "2017.??.??"]
[WhiteTeam "SC Suhl"]
[BlackTeam "TSG Apolda"]

1. d4 Nf6 2. Nf3 g6 3. g3 Bg7 4. Bg2 O-O 5. O-O d6 6. Nbd2 c5 7. c3 Qc7 8. e4
Nc6 9. Re1 cxd4 10. Nxd4 Rb8 11. N2b3 Bd7 12. Qe2 Ne5 13. h3 Nc4 1/2-1/2

[Event "Thüringenliga 2016/2017"]
[Site "?"]
[Date "2017.01.08"]
[Round "4"]
[White "Carnot, Luca"]
[Black "Berghof, Axel"]
[Result "1-0"]
[WhiteElo "1810"]
[BlackElo "2026"]
[PlyCount "77"]
[EventDate "2017.??.??"]
[WhiteTeam "TSG Apolda"]
[BlackTeam "SC Suhl"]

1. d4 d5 2. Bf4 Nf6 3. Nd2 Nc6 4. c3 Bf5 5. Ngf3 h6 6. e3 a6 7. Be2 e6 8. Ne5
Nxe5 9. dxe5 Nd7 10. Nb3 c6 11. Bg3 Qb6 12. Qd2 O-O-O 13. Bd3 Bxd3 14. Qxd3 g5
15. O-O-O a5 16. h4 a4 17. Nd2 Nc5 18. Qc2 Be7 19. Kb1 Rdg8 20. h5 Qa6 21. Nf3
b5 22. Ne1 Kc7 23. Nd3 Nd7 24. Rhe1 Nb6 25. e4 Nc4 26. Nb4 Qb7 27. exd5 cxd5
28. Nxd5+ exd5 29. e6+ Kb6 30. exf7 Rd8 31. Re6+ Ka7 32. Rde1 Bc5 33. Qg6 Rhf8
34. Rc6 Nd2+ 35. Kc1 Ne4 36. Rc7 Qxc7 37. Bxc7 Rd7 38. Rxe4 dxe4 39. Qc6 1-0

[Event "Thüringenliga 2016/2017"]
[Site "?"]
[Date "2017.01.08"]
[Round "4"]
[White "Eichelmann, Andre"]
[Black "Maiwald, Harald"]
[Result "1/2-1/2"]
[WhiteElo "1910"]
[BlackElo "1933"]
[PlyCount "53"]
[EventDate "2017.??.??"]
[WhiteTeam "SC Suhl"]
[BlackTeam "TSG Apolda"]

1. d4 Nf6 2. c4 g6 3. Nc3 d5 4. Bf4 Bg7 5. c5 O-O 6. h3 Re8 7. e3 c6 8. Be2
Nfd7 9. Nf3 e5 10. Bg5 f6 11. Bh4 exd4 12. exd4 b6 13. b4 a5 14. a3 axb4 15.
axb4 Rxa1 16. Qxa1 bxc5 17. bxc5 Ba6 18. Qb2 Nxc5 19. O-O Bxe2 20. Nxe2 Ne4 21.
Bg3 Nd7 22. Rc1 c5 23. Qb7 Qe7 24. Qxd5+ Kh8 25. dxc5 Ndxc5 26. Rd1 Nxg3 27.
Nxg3 1/2-1/2

[Event "Thüringenliga 2016/2017"]
[Site "?"]
[Date "2017.01.08"]
[Round "4"]
[White "Schmidt, Matthias"]
[Black "Müller, Bernd"]
[Result "1-0"]
[WhiteElo "1956"]
[BlackElo "1748"]
[PlyCount "71"]
[EventDate "2017.??.??"]
[WhiteTeam "TSG Apolda"]
[BlackTeam "SC Suhl"]

1. e4 d5 2. exd5 Qxd5 3. Nc3 Qa5 4. d4 Nf6 5. Bd3 Bg4 6. Nge2 Nc6 7. Bd2 O-O-O
8. f3 Bh5 9. a3 a6 10. Na4 Qd5 11. c4 Qd6 12. Bc3 e6 13. Qb3 Bg6 14. Bxg6 hxg6
15. O-O-O Na7 16. Nc5 Qc6 17. Nd3 Bd6 18. h3 Nh5 19. Kb1 Bg3 20. Nxg3 Nxg3 21.
Rhe1 Qb6 22. Qxb6 cxb6 23. Ne5 Rh4 24. Nxf7 Rd7 25. Ng5 Nc6 26. Nxe6 Nf5 27. d5
Nce7 28. Re4 Rxe4 29. fxe4 Nd6 30. Rd4 Ng8 31. Bb4 Ne8 32. e5 a5 33. Bd2 Nc7
34. Nxc7 Rxc7 35. d6 Rc5 36. d7+ 1-0

[Event "Thüringenliga 2016/2017"]
[Site "?"]
[Date "2017.01.08"]
[Round "4"]
[White "Römer, Norbert"]
[Black "Fuhrmann, Christian"]
[Result "1-0"]
[WhiteElo "1853"]
[BlackElo "1750"]
[PlyCount "68"]
[EventDate "2017.??.??"]
[WhiteTeam "TSG Apolda"]
[BlackTeam "SC Suhl"]

1. c4 e5 2. Nc3 d6 3. g3 g6 4. Bg2 Bg7 5. d3 Ne7 6. Rb1 O-O 7. e3 c5 8. Nge2
Nbc6 9. O-O f5 10. f4 Be6 11. Nd5 Qd7 12. a3 Bf7 13. Nec3 exf4 14. gxf4 Nxd5
15. Nxd5 Ne7 16. Bd2 Nxd5 17. cxd5 b6 18. Bc3 Rae8 19. Bxg7 Kxg7 20. Qd2 Re7
21. Rbe1 Rfe8 22. h3 Bg8 23. Qc3+ Kf8 24. e4 Rg7 25. Qf6+ Rf7 26. Qg5 Qe7 27.
Qh6+ Rg7 28. e5 Qd7 29. e6 Qe7 30. Rf3 Qf6 31. Rfe3 Ree7 32. Kh2 Qxb2 33. R1e2
Qd4 34. Qg5 a6 1-0

[Event "Landesklasse Ost 2016/2017"]
[Site "?"]
[Date "2017.02.12"]
[Round "4"]
[White "Mißbach, Bernd"]
[Black "Schlierf, Andre"]
[Result "1-0"]
[WhiteElo "1916"]
[BlackElo "1854"]
[PlyCount "98"]
[EventDate "2017.??.??"]
[WhiteTeam "SV Jenapharm Jena"]
[BlackTeam "Schachklub Weida"]

1. Nf3 f5 2. g3 Nf6 3. c4 d6 4. d4 e6 5. Bg2 Be7 6. Nc3 c6 7. O-O O-O 8. b4 Qe8
9. Qc2 d5 10. c5 Ne4 11. a4 Nd7 12. Rb1 Bf6 13. Rb3 Qh5 14. e3 g5 15. Ne2 Bd8
16. Ne1 Bc7 17. f3 Nef6 18. Nd3 Qg6 19. Rf2 e5 20. dxe5 Nxe5 21. Nxe5 Bxe5 22.
Bb2 Bxb2 23. Qxb2 Be6 24. Nd4 Nd7 25. Qc1 Ne5 26. Bf1 Rae8 27. b5 Re7 28. h3
Qe8 29. f4 gxf4 30. gxf4 Rg7+ 31. Kh2 Nc4 32. Bxc4 dxc4 33. Rbb2 Bd5 34. Nf3
Rf6 35. Ne5 Qe7 36. bxc6 bxc6 37. Rb8+ Rf8 38. Rxf8+ Qxf8 39. Qb2 Qc8 40. Qd4
Qa6 41. e4 fxe4 42. f5 Qc8 43. f6 Rg5 44. f7+ Bxf7 45. Nxf7 Qb8+ 46. Nd6 Qb1
47. Rf8+ Kxf8 48. Qf6+ Kg8 49. Qf7+ Kh8 1-0

[Event "Landesklasse Ost 2016/2017"]
[Site "?"]
[Date "2017.02.12"]
[Round "4"]
[White "Schumann, Robert"]
[Black "Wicklein, Stefan"]
[Result "1-0"]
[WhiteElo "1846"]
[BlackElo "1938"]
[PlyCount "75"]
[EventDate "2017.??.??"]
[WhiteTeam "Schachklub Weida"]
[BlackTeam "SV Jenapharm Jena"]

1. d4 d5 2. Nf3 c6 3. e3 Bg4 4. Nbd2 Nf6 5. c3 Nbd7 6. Qb3 Qb6 7. Qc2 e6 8. Bd3
Bh5 9. O-O Bg6 10. e4 dxe4 11. Nxe4 Nxe4 12. Bxe4 Bxe4 13. Qxe4 Be7 14. b3 Nf6
15. Qe5 O-O-O 16. Qg3 Ne8 17. Ng5 Bxg5 18. Bxg5 Rd7 19. Be3 Qc7 20. Bf4 Qa5 21.
Rfe1 Qf5 22. Re5 Qc2 23. Ra5 b6 24. Rc1 Qb2 25. Ra4 b5 26. Ra5 e5 27. Be3 f6
28. Qf3 Nc7 29. Qxc6 exd4 30. Rxa7 Kd8 31. cxd4 Re8 32. h3 Rxe3 33. fxe3 Qd2
34. Rxc7 Qxe3+ 35. Kh1 Qxc1+ 36. Qxc1 Rxc7 37. Qe3 Ra7 38. Qe2 1-0

[Event "Landesklasse Ost 2016/2017"]
[Site "?"]
[Date "2017.02.12"]
[Round "4"]
[White "Vater, Rainer"]
[Black "Künzel, Andre"]
[Result "1/2-1/2"]
[WhiteElo "1867"]
[BlackElo "1869"]
[PlyCount "112"]
[EventDate "2017.??.??"]
[WhiteTeam "SV Jenapharm Jena"]
[BlackTeam "Schachklub Weida"]

1. f4 Nf6 2. Nf3 e6 3. e3 c5 4. b3 Be7 5. Bb2 O-O 6. Bd3 d5 7. O-O b6 8. Ne5
Ba6 9. Bxa6 Nxa6 10. Nc6 Qd6 11. Nxe7+ Qxe7 12. d3 Nb4 13. Nd2 b5 14. g4 Rfd8
15. g5 Nd7 16. a3 Nc6 17. Qf3 Rac8 18. Rf2 d4 19. h4 Nb6 20. Re1 Qd7 21. Qg3
Ne7 22. e4 Qc7 23. Nf3 Ng6 24. Nh2 c4 25. h5 Ne7 26. Nf3 Nc6 27. Qg4 e5 28.
fxe5 Nxe5 29. Nxe5 Qxe5 30. Rf5 Qe6 31. bxc4 bxc4 32. Qf3 cxd3 33. cxd3 Rc2 34.
Bc1 Rdc8 35. Bf4 R2c5 36. Rxc5 Rxc5 37. Rc1 Qc8 38. Qd1 Rxc1 39. Bxc1 Qh3 40.
Qe2 Na4 41. Qh2 Qg4+ 42. Kf2 Qc8 43. Qf4 Nc5 44. Qg3 Ne6 45. Bd2 a6 46. Qd6 h6
47. gxh6 gxh6 48. Qg3+ Kh7 49. Qf3 Qc7 50. Qf5+ Kg7 51. e5 Qe7 52. Qg4+ Kh7 53.
Qe4+ Kg7 54. Qg4+ Kh7 55. Qe4+ Kg7 56. Qg4+ Kh7 1/2-1/2

[Event "Landesklasse Ost 2016/2017"]
[Site "?"]
[Date "2017.02.12"]
[Round "4"]
[White "Heine, Robert"]
[Black "Rauhut, Frank"]
[Result "1/2-1/2"]
[WhiteElo "1581"]
[BlackElo "1794"]
[PlyCount "59"]
[EventDate "2017.??.??"]
[WhiteTeam "Schachklub Weida"]
[BlackTeam "SV Jenapharm Jena"]

1. d4 Nf6 2. Nf3 d6 3. Nbd2 c5 4. c3 cxd4 5. cxd4 g6 6. b3 Bg7 7. Bb2 O-O 8. e3
b6 9. Bd3 Bb7 10. O-O Nbd7 11. Rc1 Rc8 12. Qe2 Rxc1 13. Rxc1 Qa8 14. Ba6 Rc8
15. Rxc8+ Qxc8 16. Bxb7 Qxb7 17. e4 Qc7 18. Qd3 d5 19. e5 Ne8 20. h4 Nf8 21.
Ne1 Qd7 22. Ndf3 Nc7 23. a4 Nfe6 24. g3 Bh6 25. Ng2 Ng7 26. Nh2 Nge6 27. Ng4
Bg7 28. Bc1 Nd8 29. Nh6+ Bxh6 30. Bxh6 1/2-1/2

[Event "Landesklasse Ost 2016/2017"]
[Site "?"]
[Date "2017.02.12"]
[Round "4"]
[White "Asmykovich, Ihar"]
[Black "Wagner, Uwe"]
[Result "1/2-1/2"]
[WhiteElo "1722"]
[BlackElo "1704"]
[PlyCount "92"]
[EventDate "2017.??.??"]
[WhiteTeam "SV Jenapharm Jena"]
[BlackTeam "Schachklub Weida"]

1. Nf3 d5 2. g3 Nf6 3. Bg2 Bf5 4. O-O e6 5. c4 c6 6. d4 dxc4 7. a4 Nbd7 8. Nbd2
Be7 9. Nxc4 O-O 10. a5 Rc8 11. Bf4 Nd5 12. Bd6 N7f6 13. Bxe7 Nxe7 14. a6 b6 15.
Nfe5 Be4 16. f3 Bd5 17. e4 Bxc4 18. Nxc4 c5 19. dxc5 Rxc5 20. Nd6 Nc8 21. Nb7
Qxd1 22. Raxd1 Rc2 23. Rf2 Rxf2 24. Kxf2 Ne7 25. g4 h6 26. h4 Rc8 27. Rd2 Ng6
28. Rd8+ Rxd8 29. Nxd8 Ne7 30. Bf1 Kf8 31. Bb5 Ne8 32. Ke3 Nc7 33. Bd3 Ke8 34.
Nb7 Kd7 35. b4 e5 36. f4 f6 37. g5 Nc6 38. gxh6 gxh6 39. fxe5 fxe5 40. b5 Nd4
41. Kf2 Ncxb5 42. h5 Nc7 43. Bf1 Ke7 44. Ke3 Nc2+ 45. Kf3 Ne6 46. Bc4 Ned4+
1/2-1/2